[Event "CCDOC-Chargers"]
[Site "?"]
[Date "2000.03.16"]
[Round "?"]
[White "Rojo, V"]
[Black "Stamm, V"]
[Result "1/2-1/2"]
[WhiteElo "1395"]
[BlackElo "1558"]
[PlyCount "141"]
[EventDate "2000.??.??"]

1. e4 b6 2. Bc4 Bb7 3. Nc3 e6 4. d4 Nf6 5. Bg5 5... Be7 { } 6. Bxf6 (6. f3 6...
Nxe4 $1 {Black wins at least a Pawn} 7. Bxe7 Nxc3 8. Bxd8 Nxd1 9. Bxc7 { } 9...
Ne3 (9... Nxb2 10. Bb3 {to trap Nb2} 10... a5 11. a4)) (6. Bd3 6... Nxe4 $1 {
still wins a Pawn!} 7. Bxe7 Nxc3 8. Bxd8 Nxd1 9. Bxc7 Nxb2) 6... Bxf6 7. Nf3
O-O 8. O-O { } 8... d5 9. exd5 exd5 10. Bd3 Nc6 11. a3 11... g6 { } 12. Ne2 Re8
13. c3 Qd6 14. Qd2 { White is already missing his dark-squared Bishop} 14...
Ne7 15. Qf4 Qxf4 16. Nxf4 Bc8 17. Rfe1 c6 18. h3 18... Bf5 { } 19. Bxf5 (19.
Kf1 Bxd3+ 20. Nxd3 Nf5 21. Nfe5 { Re2,Rae1,etc} 21... Bxe5 22. Nxe5 c5) 19...
Nxf5 20. Rxe8+ Rxe8 21. Re1 Rxe1+ 22. Nxe1 22... Bg5 { } 23. Nfd3 (23. Ned3)
23... Bf6 (23... Kf8 {idea: Ke7-d6,c5}) 24. Nb4 24... Ne7 { } 25. f3 {
Pawns belong on color of Bishop.} (25. Kf1 {Use your King in endings!}) 25...
a5 26. Nbd3 Kf8 27. g4 27... Ke8 { } 28. Kg2 (28. f4 {
and then Nf3 limits Bishop}) 28... Kd7 29. Kg3 Kd6 30. Ng2 30... c5 { } 31.
dxc5+ bxc5 32. f4 { } 32... Nc6 (32... d4 33. c4) (32... a4 $1 {
locks Pb2 as a permanent dark-square weakness. Nc6-a5-c4 follows}) 33. g5 { }
33... c4 (33... a4 {maintains Black's clamp, keeps c4 available for Knight})
34. Nf2 Bd8 (34... Bg7 {keeps a the heat on b2}) 35. Ng4 Ke6 36. Nh6 { } 36...
f6 37. gxf6 Bxf6 38. Kg4 {to protect f5, but someone's needed Queenside!} 38...
Ne7 (38... d4 {wins a Pawn and it's over}) 39. h4 Bg7 40. Kg5 Bf6+ 41. Kg4 Kd6
42. Nf7+ Kc5 43. Ng5 h5+ 44. Kf3 { } 44... Nf5 (44... d4 45. Ne4+) 45. Ne6+ Kd6
46. Ng5 Nxh4+ 47. Kg3 (47. Nxh4 {looks like a good reply} 47... d4 48. cxd4
Bxd4 49. Nxg6 Bxb2 50. a4 50... c3 { } 51. Ne4+ Ke6 52. Nxc3 52... Bxc3 { } 53.
Ke4 53... Be1 {the h-Pawn will divert White}) 47... Nf5+ 48. Kf3 Bxg5 49. fxg5
49... Ke5 { This has got to be a win for Black. He has the protected passer,
active King and ability to upset balance of Queenside.} 50. Nf4 Ne7 51. Nh3 d4
52. Nf2 d3 53. Ke3 { } 53... Nd5+ (53... Kf5 54. Ne4 (54. Nh3 Kg4) 54... h4 55.
Nd2 Kg4 (55... h3 56. Kf3) (55... Kxg5 56. Nxc4 h3 57. Kf3 57... Kh4 {
White's pieces are once again tied down}) 56. Kf2 (56. Nxc4 $2 56... Kg3 57.
Ne5 h3 58. Nxd3 h2 59. Nf2 { } 59... Nd5+ 60. Ke2 Nf4+ 61. Ke3 { } 61... Nd3 $1
62. Nh1+ Kg2)) 54. Kf3 Kf5 55. Ne4 { } 55... Nb6 (55... h4 {still wins since
Knight is tied to Pg5 and King is tied to Knight. In other words, both of
White's moving pieces are overloaded.}) 56. Ke3 h4 57. Kf3 { } 57... h3 (57...
Na4 {is zugzwang, Black wins}) 58. Nd2 Kxg5 59. Kg3 { } 59... Na4 $2 (59... h2
60. Kxh2 60... Kf4 {and escort the d-passer}) 60. Nxc4 h2 61. Kxh2 Kf4 62. Kg2
{ } 62... g5 {Black must save this Pawn! It will be needed to win.} (62... Ke4
63. Kf2 (63. Nd2+ Ke3) 63... Kd5 { Black is still better} 64. Ne3+ (64. Nd2
Nxb2) (64. Nxa5 Nxb2) 64... Ke4 65. b4 axb4 66. cxb4 Nc3 67. Nf1 { }) 63. Kf1
g4 64. b4 axb4 65. cxb4 g3 66. Kg2 { } {Black's task is to divert Nc4} 66...
Ke4 $2 (66... Nb6 $4 {loses} 67. Nxb6 d2 68. Nd5+ 68... Ke4 { } 69. Nc3+ Kd3
70. Nd1 Kc2 71. Ne3+) (66... Nc3 {wins} 67. Nd2 (67. Nb2 d2 68. b5 Nxb5 (68...
d1=Q $4 69. Nxd1 Nxd1 70. b6 { } 70... Ne3+ 71. Kg1 Nd5 72. b7) 69. Nd1 Nxa3
70. Nc3 { } 70... Ke3 71. Kxg3 71... Nb5 $1 72. Nd1+ Ke2 73. Nb2 Na3 74. Kg2
74... Nc4 { }) 67... Ne4 (67... Ke3 68. Nf1+ Ke2 69. Nxg3+) 68. Nf1 d2 69. Nxd2
69... Nxd2 { } 70. b5 Nc4 71. a4 Kg4) 67. Kxg3 Nb6 68. Nd2+ Ke3 69. Nf3 { }
69... Na4 (69... Nd5 70. b5 Nc3 71. b6 Ne2+ 72. Kg2 Nd4 73. Nxd4 d2 74. b7 d1=Q
75. b8=Q { } 75... Qd2+ 76. Kh3) (69... Nd7 70. b5 70... Ne5 $4 71. Nxe5 d2 72.
Nc4+) 70. b5 d2 71. Nxd2 1/2-1/2

[Event "Dragons-Tyros"]
[Site "?"]
[Date "1999.11.11"]
[Round "?"]
[White "Tegel, F"]
[Black "Tamez, I"]
[Result "1/2-1/2"]
[WhiteElo "2112"]
[BlackElo "2172"]
[PlyCount "37"]
[EventDate "1999.??.??"]

1. c4 e6 2. Nc3 d5 3. d4 Nf6 4. Bg5 Nbd7 5. e3 Be7 6. Nf3 O-O 7. Rc1 c6 8. Bd3
dxc4 9. Bxc4 Nd5 10. Bxe7 Qxe7 11. O-O Nxc3 12. Rxc3 e5 13. dxe5 Nxe5 14. Nxe5
Qxe5 15. Qb3 Qe7 16. a3 Rd8 17. Rd1 Bg4 18. Rxd8+ Rxd8 19. Rd3 1/2-1/2

[Event "Tyros-Dragons"]
[Site "?"]
[Date "1999.01.11"]
[Round "?"]
[White "Guio, J"]
[Black "Peijffers, S"]
[Result "1-0"]
[WhiteElo "2089"]
[BlackElo "1961"]
[PlyCount "57"]
[EventDate "1999.??.??"]

1. e4 d6 2. d4 Nf6 3. Nc3 g6 4. Bc4 Bg7 5. Nge2 O-O 6. f3 Nc6 7. Be3 e5 8. d5
Ne7 9. Qd2 Ne8 10. g4 c6 11. h4 cxd5 12. Nxd5 Be6 13. Bg5 f6 14. Be3 Kh8 15. h5
gxh5 16. gxh5 Bxd5 17. exd5 f5 18. O-O-O f4 19. Bf2 Nf5 20. Rdg1 Qf6 21. Nc3
Ng3 22. Bxg3 fxg3 23. h6 Qxf3 24. hxg7+ Nxg7 25. Qd3 Qf4+ 26. Kb1 Nf5 27. Ne2
Qf2 28. Nxg3 Rg8 29. Qxf5 1-0

[Event "Dragons-Tyros"]
[Site "?"]
[Date "1999.11.11"]
[Round "?"]
[White "Ogasawara, L"]
[Black "Buchner,B"]
[Result "1-0"]
[WhiteElo "1844"]
[BlackElo "2010"]
[PlyCount "43"]
[EventDate "1999.??.??"]

1. e4 c5 2. Nf3 d6 3. d4 cxd4 4. Nxd4 Nf6 5. Nc3 a6 6. Bg5 e6 7. f4 Be7 8. Qf3
Nbd7 9. O-O-O Qc7 10. Bd3 b5 11. Rhe1 Bb7 12. Qg3 h6 13. Bh4 Nh5 14. Nxe6 Qxc3
15. bxc3 Nxg3 16. Nxg7+ Kf8 17. Bxe7+ Kxe7 18. hxg3 Rac8 19. Nf5+ Ke6 20. Bc4+
d5 21. Bxd5+ Bxd5 22. Rxd5 1-0

[Event "Tyros-Dragons"]
[Site "?"]
[Date "1999.11.11"]
[Round "?"]
[White "Stoltz, R"]
[Black "Altshuller, D"]
[Result "0-1"]
[WhiteElo "1844"]
[BlackElo "1824"]
[PlyCount "68"]
[EventDate "1999.??.??"]

1. e4 e6 2. d4 d5 3. Nd2 c5 4. exd5 exd5 5. Ngf3 c4 6. Be2 Nf6 7. Ne5 Bd6 8.
Ndf3 O-O 9. O-O Nc6 10. Bg5 Be7 11. h3 Ne4 12. Nxc6 bxc6 13. Bxe7 Qxe7 14. c3
Rb8 15. Rb1 Bf5 16. Ne5 Qd6 17. Qc1 c5 18. Bg4 Bxg4 19. hxg4 cxd4 20. cxd4 f6
21. Nf3 Rb7 22. Nd2 Qf4 23. Nxe4 Qxe4 24. Qc3 Qxg4 25. Rfe1 Rfb8 26. f3 Qf5 27.
Qe3 a5 28. g4 Qd7 29. Qc3 a4 30. Re3 Qd6 31. Qc2 Qf4 32. Qe2 Qxd4 33. Kg2 Rxb2
34. Rxb2 Rxb2 0-1

[Event "Dragons-Tyros"]
[Site "?"]
[Date "1999.11.09"]
[Round "?"]
[White "Dobrovolny, C"]
[Black "Stinson, M"]
[Result "0-1"]
[WhiteElo "1797"]
[BlackElo "1969"]
[PlyCount "51"]
[EventDate "1999.??.??"]

1. c4 c5 2. g3 Nc6 3. Bg2 g6 4. Nc3 Bg7 5. e3 e5 6. Nge2 Nge7 7. b3 d6 8. Bb2
O-O 9. O-O Bf5 10. Nd5 Qd7 11. a3 Rab8 12. d4 Bh3 13. dxe5 Nxd5 14. cxd5 Nxe5
15. Nc3 b5 16. f4 Bxg2 17. Kxg2 Ng4 18. Qf3 Rfe8 19. e4 f5 20. h3 Nh6 21. Rab1
b4 22. axb4 cxb4 23. exf5 bxc3 24. fxg6 cxb2 25. gxh7+ Kxh7 26. Rxb2 0-1

[Event "Tyros-Dragons"]
[Site "?"]
[Date "1999.11.09"]
[Round "?"]
[White "Diaz, P"]
[Black "Eustace, D"]
[Result "1-0"]
[WhiteElo "1941"]
[BlackElo "1596"]
[PlyCount "63"]
[EventDate "1999.??.??"]

1. e4 e5 2. d4 exd4 3. Nf3 Nc6 4. Bc4 Bb4+ 5. c3 dxc3 6. O-O d6 7. Ng5 cxb2 8.
Bxf7+ Kf8 9. Bxb2 Qxg5 10. Bb3 Nf6 11. e5 Bh3 12. Qf3 Qxg2+ 13. Qxg2 Bxg2 14.
Kxg2 Nxe5 15. Rd1 Re8 16. Nc3 a6 17. Rac1 Ke7 18. Ne2 Kd8 19. Nd4 Kd7 20. Nf5
Rhf8 21. Nxg7 Nfg4 22. Nxe8 Rxf2+ 23. Kg3 Rxb2 24. Nxc7 Ne3 25. Be6+ Kd8 26.
Rd4 Rc2 27. Rb1 Bc5 28. Rh4 Kxc7 29. Rxh7+ Kc6 30. Rbxb7 Rg2+ 31. Kh3 Nf3 32.
Rhc7# 1-0

[Event "Fermi-Tyros"]
[Site "?"]
[Date "1999.12.08"]
[Round "?"]
[White "Dorigo, T"]
[Black "Tamez, I"]
[Result "1/2-1/2"]
[WhiteElo "2167"]
[BlackElo "2172"]
[PlyCount "29"]
[EventDate "1999.??.??"]

1. e4 c5 2. c3 d5 3. exd5 Qxd5 4. d4 e5 5. Nf3 Nc6 6. Nxe5 Nxe5 7. dxe5 Qxe5+
8. Qe2 Bd6 9. Qxe5+ Bxe5 10. Be3 b6 11. Bb5+ Bd7 12. Bxd7+ Kxd7 13. Nd2 Bc7 14.
O-O-O Kc6 15. Ne4 1/2-1/2

[Event "Tyros-Fermi"]
[Site "?"]
[Date "1999.12.08"]
[Round "?"]
[White "Guio, J"]
[Black "Spiegel, L"]
[Result "1/2-1/2"]
[WhiteElo "2089"]
[BlackElo "2023"]
[PlyCount "61"]
[EventDate "1999.??.??"]

1. e4 e6 2. Be2 d5 3. d3 Nf6 4. exd5 exd5 5. Nf3 Be7 6. O-O O-O 7. c4 d4 8.
Nbd2 c5 9. Ne4 Nc6 10. Ng3 Ne8 11. a3 Nc7 12. Rb1 a5 13. b3 Re8 14. Re1 Bf8 15.
Bg5 f6 16. Bd2 Be6 17. Bf1 Qd7 18. h3 Bf7 19. Qc2 h6 20. Be2 b6 21. Ne4 f5 22.
Ng3 Be7 23. Bf1 Bf6 24. Rbd1 g5 25. Qc1 Rxe1 26. Rxe1 g4 27. Nh2 h5 28. Bg5 Bg7
29. Bh6 Bf6 30. Bg5 Bg7 31. Bh6 1/2-1/2

[Event "Fermi-Tyros"]
[Site "?"]
[Date "1999.12.08"]
[Round "?"]
[White "Gaines, I"]
[Black "Diaz, P"]
[Result "0-1"]
[WhiteElo "1707"]
[BlackElo "1941"]
[PlyCount "90"]
[EventDate "1999.??.??"]

1. d4 d5 2. c4 2... dxc4 { } 3. Nf3 {I play 3. e4  which threatens to win Pawn
back immediately and keeps Black's Bishop from posting so actively.} 3... Nf6
4. Nc3 4... c6 { } 5. a4 {Once again, e4 grabs the center.  Of course, here it
may turn into a true gambit line!} 5... Bf5 6. e3 e6 7. Bxc4 Nbd7 8. O-O 8...
Be7 { White's play has left Black's pieces very active} 9. Re1 {Since Black
controls e4, this Rook move is too early. Maybe Qe2, freeing d1 for Rook and
if Black tries Ne4, Nd2 builds onto the center.} 9... Ne4 { } 10. Bd3 (10. Nd2
{Forces Black's play, a Knight trade develops Bc1, and a path to Kingside is
opened for his Queen.}) 10... Ndc5 { } 11. dxc5 (11. Bb1 Nxc3 12. bxc3 {
forcing c5-Knight to move} 12... Ne4 13. Qb3 {
Now White can chase Ne4 by playing Ne5 (or Nd2) and then f3.} (13. c4 $2 13...
Nc3 {wins the Bishop}) 13... Bh4 14. Ra2 (14. Nxh4 Qxh4 15. Ra2 {
White has defended, but Black's pieces swarm around his King.} 15... Nxc3 16.
Qxc3 Bxb1 17. Rb2 Be4 18. Rxb7) (14. g3 {weakens King too much})) 11... Nxc3
12. Qb3 { } 12... Bxd3 (12... Qxd3 $2 13. Qxb7 $1 { } 13... Ne2+ $2 14. Rxe2 $1
14... Qxe2 (14... Qd1+ 15. Re1 Qd8 16. Qxc6+ {is winning}) 15. Qxa8+ { } 15...
Kd7 (15... Bd8 16. Bd2 Be4 17. Re1) 16. Qxa7+ (16. Qxh8 $4 16... Qd1+ {
will mate}) 16... Ke8 17. Bd2 ({or even} 17. Qa5)) 13. Qxc3 13... Bf6 {
White has survived materially, but getting remaining pieces in play takes
several moves.} 14. Qb3 Ba6 (14... Be4 {Points the Bishop at King, heads for
d5, and then pushing h-Pawn can create an attack.   Use Qxb7 tempo to attack
White's King.}) 15. Bd2 { } 15... Qd5 {
Apparently placing trust in the active Bishops and White's Pawn targets.} (
15... Qc7 {and expand Kingside}) 16. Qxd5 16... cxd5 { } 17. Nd4 (17. Rab1 Bd3)
17... Kd7 {The White Rooks are best placed at b1 and c1, but White needs to
control d3 to play Rab1. Also, Nb5 to d6 is indicated. So Bb4, Ba3 (protect
b2!), and Nb5-d6.  Or Bb4, Red1 and Rab1.} 18. Rac1 Rhc8 19. b4 19... Bc4 {
Now c5 is under fire.} 20. Bc3 (20. Nb5 {threatens Nd6 forking Rc8 and Bc4}
20... Be7 21. Na3 21... Bd3 { White can activate Rooks} 22. Rc3 Bg6 23. Rec1
Bf6 24. Rb3) 20... a5 21. bxa5 Rxc5 22. Bb4 22... Rcc8 { } 23. Nb5 {
The damage is already done now.} 23... Be7 24. Bc3 {
Now Black trades down effeciently} 24... Bxb5 25. axb5 25... Rxc3 $1 26. Rxc3 {
} 26... Bb4 {The point! Pa5 is a goner and it's over.} 27. Rcc1 Bxe1 28. Rxe1
Rxa5 29. Rb1 29... Kc7 { White should resign, the b-Pawn is soon lost as well.}
30. h4 Kb6 31. Rb4 Rxb5 32. Rg4 g6 33. h5 Rc5 34. hxg6 hxg6 35. Rb4+ Kc6 36.
Rf4 f5 37. Rh4 { } 37... g5 (37... b5 $1 {
Shows that White's Rook doesn't have time for Rh6} 38. Rh6 b4 39. Rxg6 Kd6 40.
Rg8 40... Rb5 { White is helpless}) 38. Rh6 Kd6 39. f3 b5 40. Rg6 b4 41. Rxg5
b3 42. g4 b2 43. gxf5 { } 43... Rc2 44. Rg2 b1=Q+ 45. Kh2 Rxg2+ 0-1

[Event "Tyros-Fermi"]
[Site "?"]
[Date "1999.12.08"]
[Round "?"]
[White "Stoltz, B"]
[Black "Staples, C"]
[Result "1/2-1/2"]
[WhiteElo "1844"]
[BlackElo "1461"]
[PlyCount "121"]
[EventDate "1999.??.??"]

1. e4 c5 2. d4 cxd4 3. c3 dxc3 4. Nxc3 Nc6 5. Nf3 d6 6. Bc4 a6 7. Qe2 Nf6 8.
O-O e6 9. Rd1 Bd7 10. Bf4 Qb8 11. a3 Be7 12. Rd2 O-O 13. Rad1 e5 14. Bg5 Ne8
15. Be3 b5 16. Ba2 Nc7 17. b4 Be6 18. Nd5 Bxd5 19. exd5 Nd8 20. Nxe5 dxe5 21.
d6 Bxd6 22. Rxd6 Nde6 23. Rd7 Qe8 24. Bb6 Nd4 25. Qg4 Nce6 26. Rd6 f5 27. Qh3
Kh8 28. Qe3 Qh5 29. f3 Rae8 30. Bxe6 f4 31. Qe4 Nxe6 32. Qd5 Rf6 33. Bd8 Nxd8
34. Rxd8 h6 35. Qa8 Rxd8 36. Rxd8+ Kh7 37. Rh8+ Kg6 38. Re8 Rf7 39. Rf8 Qf5 40.
h3 Qf6 41. h4 Qe7 42. h5+ Kf6 43. Qc6+ Qe6 44. Rc8 Re7 45. Qc2 Kg5 46. Rc6 Qf7
47. Rg6+ Kxh5 48. g4+ fxg3 49. Rxg3 Qf6 50. Rh3+ Kg5 51. Qg2+ Kf4 52. Qg4+ Ke3
53. Qe4+ Kd2 54. Rh2+ Kc3 55. Qc2+ Kd4 56. Qc5+ Kd3 57. Qd5+ Kc3 58. Qd2+ Kc4
59. Qa2+ Kd4 60. Rd2+ Ke3 61. Re2+ 1/2-1/2

[Event "Chargers-Pawns"]
[Site "?"]
[Date "????.??.??"]
[Round "?"]
[White "Marcowka, R"]
[Black "Jakstas, K"]
[Result "1-0"]
[WhiteElo "2028"]
[BlackElo "2140"]
[PlyCount "79"]

1. d4 d5 2. c4 dxc4 3. e3 Nf6 4. Bxc4 e6 5. Nf3 Nbd7 6. O-O c5 7. Qa4 cxd4 8.
exd4 Be7 9. Nc3 O-O 10. Bd3 a6 11. Qc2 b5 12. Bf4 Bb7 13. Qe2 Qb6 14. Rad1 b4
15. Na4 Qa5 16. b3 Qh5 17. Ne5 Qxe2 18. Bxe2 Rac8 19. Bc4 Rfd8 20. Bg5 Rc7 21.
f4 h6 22. Bh4 Nxe5 23. dxe5 Rxd1 24. Rxd1 Nd5 25. Bxe7 Nxe7 26. Rd8+ Kh7 27.
Bd3+ g6 28. Rd6 a5 29. Kf2 Nd5 30. g3 Kg7 31. Nb6 Nc3 32. Nc4 Nxa2 33. Ke3 Nc3
34. Nxa5 Bd5 35. Kd4 Ra7 36. Ba6 Rc7 37. Rb6 Na2 38. Nc4 Bf3 39. Nd6 Bd5 40.
Ne8+ 1-0

[Event "Pawns-Chargers"]
[Site "?"]
[Date "????.??.??"]
[Round "?"]
[White "Ellice, W"]
[Black "McCarthy, D"]
[Result "0-1"]
[WhiteElo "1902"]
[BlackElo "1730"]
[PlyCount "118"]

1. d4 Nf6 2. Nf3 d5 3. Bf4 g6 4. e3 Bg7 5. Nbd2 b6 6. c3 O-O 7. h3 c5 8. Ne5
Bb7 9. Be2 Nc6 10. Nxc6 Bxc6 11. Nf3 Ne4 12. Ne5 Bb7 13. O-O f6 14. Nf3 Qd7 15.
Nd2 Nd6 16. Qb3 e5 17. Bh2 c4 18. Qc2 e4 19. b3 b5 20. a4 a6 21. Rfb1 Nf5 22.
bxc4 bxc4 23. Bg4 Bc6 24. Nf1 h5 25. Bxf5 Qxf5 26. Rb6 Qd7 27. Qb2 Rf7 28. Qb4
Bf8 29. Qa5 Qd8 30. Rab1 Rb7 31. Rxc6 Qxa5 32. Rxb7 Qxa4 33. Rxf6 Qe8 34. Rbb6
a5 35. Rxg6+ Kh7 36. Rge6 Qd7 37. Rec6 a4 38. Rc7 Qxc7 39. Bxc7 a3 40. Rb1 Ra7
41. Be5 a2 42. Ra1 Ra3 43. g4 Ra4 44. Kg2 Be7 45. Kg3 Bd8 46. Bd6 Ba5 47. Bb4
Bxb4 48. cxb4 c3 49. b5 c2 50. Kf4 Rb4 51. b6 Rxb6 52. gxh5 Rb1 53. Rxa2 c1=Q
54. Ra7+ Kg8 55. Ra8+ Kf7 56. Ra7+ Ke6 57. Ra6+ Kd7 58. Ra7+ Kc6 59. Ra8 Qxf1
0-1

[Event "Chargers-Pawns"]
[Site "?"]
[Date "????.??.??"]
[Round "?"]
[White "Radavicius, E"]
[Black "Mikulecky, B"]
[Result "1/2-1/2"]
[WhiteElo "1620"]
[BlackElo "1500"]
[PlyCount "40"]

1. e4 e5 2. Bc4 Nf6 3. d3 d5 4. exd5 Nxd5 5. h3 Bc5 6. Nf3 Nc6 7. O-O O-O 8.
Bg5 Be7 9. Bxe7 Ndxe7 10. Nc3 a6 11. a3 Qd6 12. Ne4 Qg6 13. Ng3 Nf5 14. Kh2 Qd6
15. Ne4 Qg6 16. Qd2 Nd6 17. Nxd6 cxd6 18. Rae1 h6 19. Rg1 Kh8 20. Re3 Ne7
1/2-1/2

[Event "Tyros-Rooks"]
[Site "?"]
[Date "2000.02.15"]
[Round "?"]
[White "Diaz, P"]
[Black "Baurac, D"]
[Result "1-0"]
[WhiteElo "1960"]
[BlackElo "1715"]
[PlyCount "73"]
[EventDate "2000.??.??"]

1. Nc3 c6 2. e4 d5 3. e5 Bf5 4. d4 e6 5. Nge2 { } 5... c5 6. Ng3 Bg6 7. Bd3
cxd4 8. Bxg6 8... hxg6 { } 9. Nce2 {
To take d4 with Knight, but Black finds a way to use the extra tempo!} 9... Nc6
10. f4 Bb4+ 11. Bd2 11... Bc5 {
Black has won a Pawn and may already have a won game.} 12. Nc1 (12. O-O $2
12... d3+ {wins a piece}) 12... Qh4 {again stopping 0-0} 13. Qf3 Nge7 14. Nd3 {
} 14... Nf5 15. Ke2 (15. Nxc5 15... Nxg3 { } 16. Rg1 ({Certainly not} 16. Qxg3
16... Qxg3+ 17. hxg3 Rxh1+) 16... Qxh2 17. O-O-O {Black is still rolling}) (15.
O-O-O { } 15... Bb6 (15... Ne3 $2 16. Nxc5 Nxd1 17. Qxd1 {
gets White two pieces for useless Rook}) 16. Nf1 {with g4 coming}) 15... Bb6
16. Nxf5 gxf5 17. Be1 17... Qd8 { } 18. b4 Rc8 19. a4 a5 20. b5 20... Nb8 { }
21. Ra2 Nd7 22. Nc1 Nc5 23. Kf1 23... Ne4 { } 24. Ne2 Rc4 25. g4 g6 26. h4 { }
26... Nc5 ({not seeing a downside to} 26... Qc7 {weakie at c2} 27. Qd3 27...
Nc5 {forking}) 27. h5 fxg4 28. Qxg4 { } 28... Rxh5 {It's hard to blame Black
for wanting to clear the tension, but the tempo is more safely used.} (28... g5
{ } 29. fxg5 d3 30. Nf4 dxc2) (28... d3 29. cxd3 Nxd3 30. Bh4 { } 30... Qc7 31.
hxg6 (31. Bf6 31... Nxe5 {still works!}) 31... Nxe5 $1 32. g7 Rg8) 29. Rxh5
gxh5 30. Qxh5 { } 30... Rxa4 31. Bh4 { } 31... Qc8 (31... Qc7 32. Rxa4 (32.
Qh8+ Kd7 33. Qf8 Rxa2) 32... Nxa4 33. Qh8+ Kd7 34. Qf8 { } 34... Qxc2 35. Qxf7+
Kc8 36. Qe8+ (36. Qxe6+ Kc7 37. Qd6+ 37... Kc8 { } 38. Qf8+ (38. e6 Qd1+ 39.
Kg2 (39. Kf2 39... d3+ { } 40. Kg3 (40. Kg2 Qxe2+) 40... dxe2 41. Qf8+ (41.
Qd7+ $2 41... Kb8) 41... Kc7 42. Bd8+) 39... Qxe2+) 38... Kd7 {draws} (38...
Kc7 $4 39. Bd8+ {loses} 39... Kd7 { } 40. Qd6+ Kc8 41. Bxb6 Nxb6 42. Qxb6))
36... Kc7 37. Bd8+ Kb8 38. Bxb6+) 32. Qg5 { } 32... Kf8 (32... Bd8 {
doesn't clean up the problems} 33. Qg8+ Kd7 34. Qxf7+) 33. Qh6+ Ke8 34. Qg7 { }
34... Qc7 35. Qg8+ Kd7 36. Qxf7+ 36... Kc8 { } 37. Qe8+ 1-0

[Event "Rooks-Tyros"]
[Site "?"]
[Date "2000.02.15"]
[Round "?"]
[White "Decman, S"]
[Black "Stoltz, R"]
[Result "1/2-1/2"]
[WhiteElo "1659"]
[BlackElo "1833"]
[PlyCount "75"]
[EventDate "2000.??.??"]

1. e4 c5 2. Nf3 d6 3. c3 a6 4. Be2 Nc6 5. h3 g6 6. O-O Bg7 7. d4 e6 8. Be3 b6
9. Qd2 Nge7 10. Bd3 Qc7 11. dxc5 bxc5 12. Rd1 O-O 13. Na3 Na5 14. Rac1 c4 15.
Bb1 Rd8 16. Bh6 Bb7 17. Bxg7 Kxg7 18. Nc2 e5 19. Ne3 Rac8 20. Qe2 Ba8 21. Rd2
f6 22. Rcd1 Nb7 23. Nd5 Nxd5 24. exd5 Rf8 25. Qe3 Nd8 26. Nh2 Nf7 27. f4 Qc5
28. Qf2 Qxf2+ 29. Rxf2 f5 30. fxe5 Nxe5 31. Rf4 Rc5 32. Nf3 Nxf3+ 33. gxf3 Re8
34. Kf2 Re5 35. a3 a5 36. Re1 Bxd5 37. Rd1 Kf6 38. Rfd4 1/2-1/2

[Event "Rooks-Tyros"]
[Site "?"]
[Date "2000.02.15"]
[Round "?"]
[White "Grudzinski, J"]
[Black "Karpierz, J"]
[Result "1-0"]
[WhiteElo "1411"]
[BlackElo "1245"]
[PlyCount "125"]
[EventDate "2000.??.??"]

1. d4 d5 2. c4 e6 3. Nc3 Nf6 4. Bg5 Be7 5. Nf3 O-O 6. e3 Nbd7 7. Rc1 dxc4 8.
Bxc4 c5 9. Bd3 h6 10. Bh4 cxd4 11. Nxd4 Ne5 12. O-O Nfd7 13. Bg3 a6 14. Be4 Nc5
15. Bxe5 Nd7 16. Bf4 e5 17. Bxh6 Nf6 18. Bxg7 Kxg7 19. Nf5+ Bxf5 20. Bxf5 Qxd1
21. Nxd1 Bd6 22. Nc3 Rh8 23. Rfd1 Rad8 24. e4 Bc5 25. Rxd8 Rxd8 26. Nd5 Bd4 27.
Nxf6 Kxf6 28. b3 Rh8 29. Bc8 Rh4 30. Bxb7 Rf4 31. Rf1 a5 32. g3 Rf3 33. Bd5 Kg6
34. a4 Bc5 35. Kg2 Rc3 36. h4 f6 37. Rd1 Rc2 38. Rf1 Kh5 39. Bc4 Kg4 40. Be6+
Kh5 41. g4+ Kxh4 42. Rh1+ Kg5 43. Rh5+ Kf4 44. Rf5+ Kxg4 45. Rxf6+ Kg5 46. Rf5+
Kg6 47. Bc4 Kg7 48. Kg3 Rc3+ 49. f3 Rc2 50. Rxe5 Bd6 51. Kf4 Bxe5+ 52. Kxe5 Kf8
53. f4 Ke7 54. f5 Rh2 55. f6+ Kf8 56. Kd6 Rd2+ 57. Bd5 Rc2 58. Kd7 Rf2 59. e5
Rf5 60. Kd6 Ke8 61. f7+ Kf8 62. e6 Rf6 63. Kd7 1-0

[Event "Tyros-Rooks"]
[Site "?"]
[Date "2000.02.15"]
[Round "?"]
[White "Karpierz, J"]
[Black "Garcia, J"]
[Result "1-0"]
[WhiteElo "1245"]
[BlackElo "1214"]
[PlyCount "43"]
[EventDate "2000.??.??"]

1. d4 d5 2. c4 Nf6 3. Nc3 e6 4. Bg5 Be7 5. Nf3 O-O 6. e3 Nc6 7. cxd5 exd5 8.
Bd3 Nb4 9. O-O Nxd3 10. Qxd3 h6 11. Bh4 b6 12. Rac1 c5 13. dxc5 Re8 14. Bxf6
Bxf6 15. Qxd5 Qxd5 16. Nxd5 Bd8 17. c6 a5 18. Rfd1 Ra7 19. c7 Be7 20. Nxe7+
Rxe7 21. Rd8+ Kh7 22. Rxc8 1-0

[Event "Tyros"]
[Site "?"]
[Date "2000.02.15"]
[Round "?"]
[White "LaForge, W"]
[Black "Savcic, V"]
[Result "0-1"]
[WhiteElo "1242"]
[BlackElo "1102"]
[PlyCount "36"]
[EventDate "2000.??.??"]

1. e4 e5 2. Nf3 d6 3. d4 Nc6 4. Bb5 Bd7 5. Nc3 a6 6. Ba4 b5 7. Bb3 Bg4 8. Be3
h6 9. Bd5 Nge7 10. dxe5 dxe5 11. Nxe5 Nxd5 12. Qxg4 Nxe3 13. Qe2 Nxg2+ 14. Kf1
Nxe5 15. Kxg2 Bd6 16. f4 Ng6 17. Nd5 Bxf4 18. Qf3 Nh4+ 0-1

[Event "Rooks-Fermi"]
[Site "?"]
[Date "2000.03.28"]
[Round "?"]
[White "Hill, R"]
[Black "Bezzubov, V"]
[Result "0-1"]
[WhiteElo "2029"]
[BlackElo "2341"]
[PlyCount "58"]
[EventDate "2000.??.??"]

1. d4 Nf6 2. Nf3 b6 3. Bg5 Ne4 4. Bf4 e6 5. e3 Bb7 6. Nbd2 Be7 7. Nxe4 Bxe4 8.
Nd2 Bb7 9. Bd3 d6 10. Qg4 g5 11. Bxg5 Bxg5 12. f4 Bh4+ 13. Ke2 Nd7 14. Nf3 Be7
15. f5 Nf6 16. Qh3 Qd7 17. Ng5 Rg8 18. fxe6 fxe6 19. Nxh7 Rxg2+ 20. Kd1 O-O-O
21. Ba6 Rg6 22. Qf3 d5 23. Bd3 Ne4 24. Bxe4 dxe4 25. Qh5 Rg2 26. c3 Rh8 27. Rf1
Rg7 28. Qe5 Rgxh7 29. a4 Bd6 0-1

[Event "Rooks-Fermi"]
[Site "?"]
[Date "2000.03.28"]
[Round "?"]
[White "Green, D"]
[Black "Spiegel, L"]
[Result "0-1"]
[WhiteElo "1874"]
[BlackElo "2023"]
[PlyCount "66"]
[EventDate "2000.??.??"]

1. e4 e6 2. d4 d5 3. Nd2 Nf6 4. e5 Nfd7 5. Ngf3 c5 6. c3 Nc6 7. Bb5 Qb6 8. Qa4
a6 9. Bxc6 bxc6 10. O-O Be7 11. Qc2 cxd4 12. cxd4 c5 13. dxc5 Nxc5 14. a3 Bd7
15. b4 Na4 16. Nb3 Rc8 17. Qd1 Nc3 18. Be3 Qxe3 19. fxe3 Nxd1 20. Rfxd1 Rc3 21.
Na5 O-O 22. Kf2 f6 23. Ke2 Bb5+ 24. Kd2 Rd3+ 25. Kc1 Rc8+ 26. Kb2 Rxe3 27. Rd2
fxe5 28. Re1 Rxe1 29. Nxe1 e4 30. Rc2 Bf6+ 31. Kc1 Rxc2+ 32. Kxc2 Ba4+ 33. Kd2
Bb2 0-1